Top 15 Jeux les plus utilisés - Statistiques

Statistiques générales
  • Ce quiz a été pris 60 fois
  • Le résultat moyen est 5 sur 15
Statistiques - réponses
Nom du jeu Genre % Correct
1 Fortnite Battle royale, Jeu de tir à la première personne
91%
3 Call of duty Guerre,Battle Royale,jeu de tir à la première personne,
75%
7 Minecraft Jeu de survie, Jeu d'action-aventure, Gameplay non linéaire,cube
68%
4 EA Sports FC 25 Jeu vidéo de simulation, Jeu vidéo de sport, Jeu de simulation
67%
9 Valorant Jeu de tir tactique, 5vs5, compétition
53%
8 Grand Theft Auto V Jeu de tir à la première personne, Monde ouvert, Jeu d'action-aventure, Gameplay non linéaire
35%
2 Roblox Jeu vidéo de simulation, Jeu de plateforme ·
30%
5 Rocket League Jeu d'action, Jeu vidéo de sport, Jeu vidéo indépendant, Sim racing, simulation de véhicule, Jeu de simulation
26%
14 Red Dead Redemption II Monde ouvert, Western, Jeu d'action-aventure, Jeu de tir
23%
13 Farming Simulator 25 Jeu vidéo de simulation, Jeu de plateforme, Jeu de ferme
14%
12 Apex Legends Jeu de tir à la première personne, Battle royale, Free To Play
12%
6 Forza Horizon 5 Jeu vidéo de course, Jeu d'aventure, Jeu d'action
12%
15 Overwatch 2 Jeu de tir à la première personne, Free To Play
11%
11 Tom Clancy's Rainbow Six Siege Jeu de tir tactique, Jeu vidéo de stratégie, Free To Play
11%
10 Hollow Knight Jeu d'action-aventure, Metroidvania, Jeu de combat
4%
Aucun quiz correspondant
Distribution des résultats
% des personnes avec chaque résultat
Percentile par nombre de réponses
Votre historique - résultats
Vous n’avez pas pris ce quiz